000 00584nam a22002177a 4500
003 DO-SdBNP
005 20180131130956.0
008 151210b 1990 ec xxu||||| |||| 00| 0 spa d
020 _a9978800263
040 _aBPMSU
_bspa
_cBPMSU
092 _axxxx
_bxxxx
245 _aLa odisea /
_cHomero ;
260 _aEcuador ;
_bLibresa,
_c1999.
300 _a54 p. ;
_c21 cm.
490 1 _aClásicos de siempre
_v; 18
830 0 _aClásicos de siempre
_n; 18
910 _a00260
942 _2ddc
_cBK
945 _aInventariado extranjero / 2017 VM
956 _aLorenza Pérez
_b10
999 _c9097
_d9097